[Event "Cheliabinsk Panchenko Memorial-B"]
[Site "Cheliabinsk"]
[Date "2018.10.14"]
[Round "9"]
[White "Mokin, Nikolai"]
[Black "Smorchkov, Danil"]
[Result "1/2-1/2"]
[WhiteElo "2253"]
[BlackElo "2208"]
[PlyCount "21"]
[EventDate "2018.10.06"]
[EventType "tourn"]
[EventRounds "9"]
[EventCountry "RUS"]
[EventCategory "5"]
[SourceTitle "CBM 186 Extra"]
[Source "ChessBase"]
[SourceDate "2018.08.24"]
[SourceVersion "1"]
[SourceVersionDate "2018.08.24"]
[SourceQuality "1"]

1. c4 Nf6 2. Nc3 e6 3. e4 d5 4. e5 d4 5. exf6 dxc3 6. bxc3 Qxf6 7. Nf3 e5 8. d4 exd4 9. cxd4 Bb4+ 10. Bd2 Bxd2+ 11. Qxd2 1/2-1/2

[Event "Cheliabinsk Panchenko Memorial-B"]
[Site "Cheliabinsk"]
[Date "2018.10.10"]
[Round "5"]
[White "Sitnikov, Anton"]
[Black "Smorchkov, Danil"]
[Result "0-1"]
[WhiteElo "2446"]
[BlackElo "2208"]
[PlyCount "98"]
[EventDate "2018.10.06"]
[EventType "tourn"]
[EventRounds "9"]
[EventCountry "RUS"]
[EventCategory "5"]
[SourceTitle "CBM 186 Extra"]
[Source "ChessBase"]
[SourceDate "2018.08.24"]
[SourceVersion "1"]
[SourceVersionDate "2018.08.24"]
[SourceQuality "1"]

1. e4 c5 2. Nc3 d6 3. Nge2 Nf6 4. d4 cxd4 5. Nxd4 a6 6. g3 e5 7. Nb3 Be7 8. Bg2 0-0 9. 0-0 Bg4 10. f3 Be6 11. f4 Nbd7 12. h3 Rc8 13. Kh2 Bc4 14. Rf2 b5 15. Be3 b4 16. Nd5 Nxd5 17. exd5 Bf6 18. fxe5 Bxe5 19. Nd4 Re8 20. Qd2 Nf6 21. Nc6 Qd7 22. Nxe5 Rxe5 23. Bg5 Ne4 24. Bxe4 Rxe4 25. b3 f6 26. Bf4 g5 27. Bxg5 fxg5 28. bxc4 Rexc4 29. Raf1 Qg7 30. Qd3 Rc3 31. Qf5 Qe5 32. Qg4 Rxc2 33. h4 R8c4 34. Qxg5+ Qxg5 35. hxg5 a5 36. Kh3 Rxf2 37. Rxf2 Rd4 38. g6 hxg6 39. Rf6 Rxd5 40. Rxg6+ Kf7 41. Rh6 Rd2 42. a3 bxa3 43. Rh4 d5 44. Ra4 a2 45. Rxa5 d4 46. Kg4 Rf2 47. Kg5 d3 48. g4 Re2 49. Ra7+ Ke6 0-1

[Event "Cheliabinsk Panchenko Memorial-B"]
[Site "Cheliabinsk"]
[Date "2018.10.08"]
[Round "3"]
[White "Tosic, Miroslav"]
[Black "Smorchkov, Danil"]
[Result "1/2-1/2"]
[WhiteElo "2364"]
[BlackElo "2208"]
[PlyCount "39"]
[EventDate "2018.10.06"]
[EventType "tourn"]
[EventRounds "9"]
[EventCountry "RUS"]
[EventCategory "5"]
[SourceTitle "CBM 186 Extra"]
[Source "ChessBase"]
[SourceDate "2018.08.24"]
[SourceVersion "1"]
[SourceVersionDate "2018.08.24"]
[SourceQuality "1"]

1. d4 Nf6 2. Nf3 e6 3. g3 d5 4. c4 dxc4 5. Bg2 a6 6. 0-0 Nc6 7. e3 Bd7 8. Qe2 b5 9. e4 Be7 10. Rd1 Nb4 11. Ne5 0-0 12. a3 Nc6 13. Nc3 Qc8 14. Bg5 Rd8 15. Nxc6 Bxc6 16. d5 Be8 17. h4 e5 18. f4 Bd6 19. Rf1 Bd7 20. f5 1/2-1/2

[Event "Cheliabinsk Panchenko Memorial-B"]
[Site "Cheliabinsk"]
[Date "2018.10.07"]
[Round "2"]
[White "Smorchkov, Danil"]
[Black "Salemgareev, Tagir"]
[Result "0-1"]
[WhiteElo "2208"]
[BlackElo "2381"]
[PlyCount "112"]
[EventDate "2018.10.06"]
[EventType "tourn"]
[EventRounds "9"]
[EventCountry "RUS"]
[EventCategory "5"]
[SourceTitle "CBM 186 Extra"]
[Source "ChessBase"]
[SourceDate "2018.08.24"]
[SourceVersion "1"]
[SourceVersionDate "2018.08.24"]
[SourceQuality "1"]

1. e4 c5 2. Nf3 d6 3. d4 cxd4 4. Nxd4 Nf6 5. Nc3 a6 6. Bg5 Nbd7 7. Bc4 e6 8. 0-0 h6 9. Bh4 g5 10. Bg3 Ne5 11. Bb3 h5 12. f4 Neg4 13. fxg5 Ne3 14. Qf3 Nxf1 15. Rxf1 h4 16. Be1 h3 17. gxf6 hxg2 18. Qxg2 Bd7 19. Kh1 Qc7 20. Bg3 0-0-0 21. Rd1 Qa5 22. Qf3 Qg5 23. Na4 Bxa4 24. Bxa4 Bh6 25. Qc3+ Qc5 26. Rd3 Qxc3 27. Rxc3+ Kb8 28. Rd3 Rhg8 29. c4 Rg4 30. Kg2 Kc8 31. Bd1 Rxe4 32. Kf3 Re5 33. Kf2 Rg5 34. Bh4 Re5 35. Bg4 d5 36. c5 Re4 37. h3 Rg8 38. Nf3 Kc7 39. a3 Kc6 40. b4 e5 41. Nd2 Rf4+ 42. Ke2 e4 43. Rg3 d4 44. Kd1 d3 45. Rg1 Re8 46. Bg3 Rxf6 47. Nc4 Kd5 48. Nd6 Rg8 49. Bh4 Bg5 50. Bxg5 Rxg5 51. Re1 Re5 52. Kd2 Kd4 53. Re3 Rf2+ 54. Be2 Rxe2+ 55. Rxe2 dxe2 56. Kxe2 Rg5 0-1

[Event "Cheliabinsk Kibizov Memorial-B"]
[Site "Cheliabinsk"]
[Date "2018.06.27"]
[Round "7"]
[White "Berzinsh, Roland"]
[Black "Smorchkov, Danil"]
[Result "0-1"]
[WhiteElo "2410"]
[BlackElo "2216"]
[PlyCount "90"]
[EventDate "2018.06.21"]
[EventType "tourn"]
[EventRounds "9"]
[EventCountry "RUS"]
[EventCategory "4"]
[SourceTitle "CBM 185 Extra"]
[Source "ChessBase"]
[SourceDate "2018.07.29"]
[SourceVersion "1"]
[SourceVersionDate "2018.07.29"]
[SourceQuality "1"]

1. d4 Nf6 2. Bf4 e6 3. e3 c5 4. Nf3 Qb6 5. Na3 d5 6. Nb5 Na6 7. a4 Be7 8. c3 0-0 9. dxc5 Bxc5 10. Bd3 Bd7 11. b4 Be7 12. Be5 Qd8 13. Nd2 Nb8 14. 0-0 Nc6 15. Bc7 Qc8 16. Bg3 e5 17. e4 Be6 18. f4 dxe4 19. Nxe4 Nxe4 20. Bxe4 Rd8 21. Qb1 f5 22. Bc2 a6 23. Na3 e4 24. Rd1 Bf6 25. Be1 Qc7 26. Bb3 Bxb3 27. Qxb3+ Kh8 28. Nc4 h6 29. g3 Qf7 30. Na5 Qc7 31. Nc4 Qf7 32. b5 axb5 33. Qxb5 Qh5 34. Nd6 Ne7 35. Qb3 Kh7 36. Nxb7 Rdb8 37. a5 Qe2 38. Rd6 Rxa5 39. Rxa5 Qxe1+ 40. Kg2 Qe2+ 41. Kg1 Qe3+ 42. Kf1 Qf3+ 43. Kg1 e3 44. Ra1 Qf2+ 45. Kh1 e2 0-1

[Event "Cheliabinsk Kibizov Memorial-B"]
[Site "Cheliabinsk"]
[Date "2018.06.26"]
[Round "6"]
[White "Smorchkov, Danil"]
[Black "Matsenko, Andrei"]
[Result "1/2-1/2"]
[WhiteElo "2216"]
[BlackElo "2299"]
[PlyCount "82"]
[EventDate "2018.06.21"]
[EventType "tourn"]
[EventRounds "9"]
[EventCountry "RUS"]
[EventCategory "4"]
[SourceTitle "CBM 185 Extra"]
[Source "ChessBase"]
[SourceDate "2018.07.29"]
[SourceVersion "1"]
[SourceVersionDate "2018.07.29"]
[SourceQuality "1"]

1. d4 Nf6 2. c4 e6 3. Nc3 Bb4 4. Qc2 c5 5. dxc5 0-0 6. a3 Bxc5 7. Nf3 b6 8. Bf4 a6 9. e3 Bb7 10. Rd1 Be7 11. Be2 d6 12. 0-0 Nh5 13. Be5 Qc7 14. Ng5 g6 15. Bxd6 Bxd6 16. Bxh5 Bxh2+ 17. Kh1 Be5 18. Bf3 Nc6 19. Rd2 Qe7 20. Nh3 Rad8 21. Rfd1 Rxd2 22. Rxd2 Rd8 23. Na4 b5 24. Rxd8+ Nxd8 25. Bxb7 Nxb7 26. Qe4 Bf6 27. cxb5 axb5 28. Nc3 Qd7 29. Nf4 Nd6 30. Qd3 Qc6 31. Nfe2 Nc4 32. Nd4 Qc5 33. Ncxb5 e5 34. b4 Qc8 35. Na7 Qg4 36. Nf3 Nb2 37. Qd6 Kg7 38. Nc6 e4 39. Nfd4 Qd1+ 40. Kh2 Qh5+ 41. Kg1 Qd1+ 1/2-1/2

[Event "Cheliabinsk Governor's Cup IM"]
[Site "Satka"]
[Date "2017.07.09"]
[Round "9"]
[White "Maryasin, Boris Feliksovich"]
[Black "Smorchkov, Danil"]
[Result "1/2-1/2"]
[WhiteElo "2342"]
[BlackElo "2156"]
[PlyCount "20"]
[EventDate "2017.06.30"]
[EventType "tourn"]
[EventRounds "9"]
[EventCountry "RUS"]
[EventCategory "4"]
[SourceTitle "EXT 2018"]
[Source "ChessBase"]
[SourceDate "2017.10.13"]
[SourceVersion "1"]
[SourceVersionDate "2017.10.13"]
[SourceQuality "1"]

1. Nf3 d5 2. g3 Nf6 3. Bg2 c6 4. 0-0 Bg4 5. Ne5 Bh5 6. c4 Nbd7 7. d4 e6 8. Nc3 Be7 9. Qb3 Qb6 10. Nxd7 Nxd7 1/2-1/2

[Event "Cheliabinsk Governor's Cup IM"]
[Site "Satka"]
[Date "2017.06.30"]
[Round "1"]
[White "Smorchkov, Danil"]
[Black "Mischuk, Dmitry"]
[Result "0-1"]
[WhiteElo "2156"]
[BlackElo "2344"]
[PlyCount "78"]
[EventDate "2017.06.30"]
[EventType "tourn"]
[EventRounds "9"]
[EventCountry "RUS"]
[EventCategory "4"]
[SourceTitle "EXT 2018"]
[Source "ChessBase"]
[SourceDate "2017.10.13"]
[SourceVersion "1"]
[SourceVersionDate "2017.10.13"]
[SourceQuality "1"]

1. d4 Nf6 2. c4 e6 3. Nc3 Bb4 4. Qc2 0-0 5. a3 Bxc3+ 6. Qxc3 d6 7. Bg5 Nbd7 8. e3 b6 9. Ne2 Bb7 10. Qd3 h6 11. Bh4 c5 12. Nc3 Qe7 13. f3 cxd4 14. Qxd4 e5 15. Qd2 Nc5 16. Rd1 Rfd8 17. Be2 g5 18. Bg3 d5 19. 0-0 d4 20. exd4 exd4 21. Nd5 Bxd5 22. cxd5 Nxd5 23. b4 Ne6 24. Rfe1 Qf6 25. Bd3 Ne3 26. Rc1 Nf4 27. Be4 Rac8 28. Bxf4 gxf4 29. g3 Rxc1 30. Rxc1 fxg3 31. hxg3 Qg5 32. Kf2 Qh5 33. Kg1 Kg7 34. Rc7 Qe5 35. Rxa7 Qxg3+ 36. Kh1 Qh3+ 37. Kg1 Kf6 38. Bh7 Qg3+ 39. Kh1 Rd5 0-1

[Event "Cheliabinsk IM"]
[Site "Cheliabinsk"]
[Date "2016.12.10"]
[Round "2"]
[White "Gutenev, Alexander"]
[Black "Smorchkov, Danil"]
[Result "1-0"]
[WhiteElo "2418"]
[BlackElo "2179"]
[PlyCount "87"]
[EventDate "2016.12.09"]
[EventType "tourn"]
[EventRounds "9"]
[EventCountry "RUS"]
[EventCategory "3"]
[SourceTitle "CBM 176 Extra"]
[Source "ChessBase"]
[SourceDate "2017.03.02"]
[SourceVersion "1"]
[SourceVersionDate "2017.03.02"]
[SourceQuality "1"]

1. e4 c5 2. Nf3 d6 3. d4 cxd4 4. Nxd4 Nf6 5. Nc3 a6 6. Be3 Ng4 7. Bg5 h6 8. Bh4 g5 9. Bg3 Bg7 10. Be2 h5 11. Bxg4 Bxg4 12. f3 Bd7 13. Bf2 Nc6 14. Qd2 Ne5 15. b3 Rc8 16. Nd5 e6 17. Nf5 exf5 18. Bb6 Nxf3+ 19. gxf3 Qxb6 20. Nxb6 Bc3 21. Nxc8 Bxd2+ 22. Kxd2 Bxc8 23. exf5 Bxf5 24. c4 g4 25. Ke3 Ke7 26. Rhe1 Rg8 27. Kf2+ Be6 28. Rad1 Rg6 29. Re3 Rf6 30. Rd4 Kd7 31. Red3 Kc7 32. b4 Rf5 33. a3 a5 34. Kg3 axb4 35. axb4 Rg5 36. f4 Rf5 37. Ra3 Rf6 38. Ra5 Rh6 39. Kh4 f5 40. Ra3 Bd7 41. Re3 Bc6 42. Re7+ Kb6 43. Rxd6 Rh8 44. Rf6 1-0

[Event "RUS-chT2"]
[Site "Sochi"]
[Date "2016.05.07"]
[Round "6.10"]
[White "Murzin, Volodar"]
[Black "Smorchkov, Danil"]
[Result "1/2-1/2"]
[WhiteElo "2170"]
[BlackElo "2017"]
[PlyCount "116"]
[EventDate "2016.05.01"]
[EventType "team-swiss"]
[EventRounds "9"]
[EventCountry "RUS"]
[SourceTitle "EXT 2018"]
[Source "ChessBase"]
[SourceDate "2017.10.13"]
[SourceVersion "1"]
[SourceVersionDate "2017.10.13"]
[SourceQuality "1"]
[WhiteTeam "Nizhny Tagil Politekhnik"]
[BlackTeam "Satka Vertical"]
[WhiteTeamCountry "RUS"]
[BlackTeamCountry "RUS"]

1. e4 c5 2. Nf3 Nc6 3. d4 cxd4 4. Nxd4 g6 5. Nc3 Bg7 6. Be3 Nf6 7. Bc4 0-0 8. Nxc6 dxc6 9. Qxd8 Rxd8 10. f3 b5 11. Bb3 a5 12. a4 b4 13. Ne2 Ba6 14. Kf2 Nd7 15. Rad1 Bxb2 16. Nf4 Rac8 17. Ne6 fxe6 18. Bxe6+ Kg7 19. Bxd7 Rc7 20. Be6 Rxd1 21. Rxd1 Kf6 22. Ba2 c5 23. Rd8 Bd4 24. f4 Bxe3+ 25. Kxe3 c4 26. e5+ Kg7 27. Kd2 Bb7 28. g4 e6 29. Ke3 Bd5 30. f5 b3 31. f6+ Kf7 32. Bb1 c3 33. Rh8 Rc4 34. Rxh7+ Kg8 35. Rg7+ Kf8 36. Kd3 Rxg4 37. Kxc3 Rc4+ 38. Kb2 Rb4 39. cxb3 Rxb3+ 40. Kc1 Rc3+ 41. Kd2 Rh3 42. Bxg6 Rxh2+ 43. Ke3 Rg2 44. Be4 Bxe4 45. Kxe4 Ra2 46. Re7 Rxa4+ 47. Kd3 Ra3+ 48. Kc4 Ra4+ 49. Kb5 Re4 50. Rxe6 a4 51. Kc5 a3 52. Ra6 Rxe5+ 53. Kd4 Re2 54. Rxa3 Kf7 55. Rf3 Re6 56. Rh3 Rxf6 57. Ke5 Ra6 58. Rh7+ Ke8 1/2-1/2

[Event "Satka Autumn op-B"]
[Site "Satka"]
[Date "2015.09.28"]
[Round "9"]
[White "Smorchkov, Danil"]
[Black "Somkin, Kirill"]
[Result "1-0"]
[WhiteElo "1868"]
[BlackElo "1850"]
[PlyCount "105"]
[EventDate "2014.09.20"]
[EventType "swiss"]
[EventRounds "9"]
[EventCountry "RUS"]
[SourceTitle "EXT 2016"]
[Source "ChessBase"]
[SourceDate "2015.10.08"]
[SourceVersion "1"]
[SourceVersionDate "2015.10.08"]
[SourceQuality "1"]

1. d4 Nf6 2. c4 e5 3. dxe5 Ng4 4. Nf3 Bc5 5. e3 Nc6 6. Nc3 Ngxe5 7. Be2 0-0 8. 0-0 a5 9. Nxe5 Nxe5 10. b3 Ra6 11. Ne4 Ba7 12. Qd5 Re8 13. Bb2 Rh6 14. Bxe5 c6 15. Qd3 Rxe5 16. Nd2 d5 17. Nf3 Reh5 18. Rfd1 Bf5 19. Qd2 Bb8 20. Kf1 Bxh2 21. Nd4 Rg5 22. f4 Bg3 23. Bf3 Rgh5 24. Bxh5 Rxh5 25. Nxf5 Rxf5 26. Qe2 Qh4 27. Qf3 g5 28. cxd5 cxd5 29. Ke2 gxf4 30. Rxd5 Rxd5 31. Qxd5 Qg4+ 32. Qf3 Qe6 33. Rc1 b5 34. Rc5 a4 35. Rg5+ Kf8 36. Qa8+ Ke7 37. e4 axb3 38. axb3 b4 39. Rg8 Qd7 40. Qf8+ Kf6 41. Qh6+ Ke5 42. Rg5+ f5 43. Qb6 Kxe4 44. Qxb4+ Ke5 45. Qc3+ Ke6 46. Rg7 Qd6 47. Qc4+ Kf6 48. Qf7+ Ke5 49. Qe8+ Kf6 50. Rf7+ Kg5 51. Qg8+ Qg6 52. Rg7 f3+ 53. Kxf3 1-0

[Event "Zudov Memorial 11th"]
[Site "Nizhnij Tagil"]
[Date "2015.09.14"]
[Round "4"]
[White "Smorchkov, Danil"]
[Black "Frolyanov, Dmitry"]
[Result "0-1"]
[WhiteElo "2102"]
[BlackElo "2577"]
[PlyCount "195"]
[EventDate "2015.09.10"]
[EventType "swiss"]
[EventRounds "9"]
[EventCountry "RUS"]
[SourceTitle "EXT 2016"]
[Source "ChessBase"]
[SourceDate "2015.10.08"]
[SourceVersion "1"]
[SourceVersionDate "2015.10.08"]
[SourceQuality "1"]

1. e4 c5 2. Nf3 d6 3. d4 cxd4 4. Nxd4 Nf6 5. Nc3 a6 6. Be3 e5 7. Nf3 Be7 8. Bc4 0-0 9. 0-0 Nc6 10. Qe2 Na5 11. Bb3 h6 12. Rfd1 Nxb3 13. axb3 Qe8 14. Nd2 b5 15. Nf1 b4 16. Na4 Qb5 17. Qxb5 axb5 18. Nb6 Rxa1 19. Rxa1 Bb7 20. f3 Rb8 21. Rd1 d5 22. Nxd5 Nxd5 23. exd5 Rd8 24. c4 bxc3 25. bxc3 Rxd5 26. Rxd5 Bxd5 27. Nd2 Bc6 28. c4 f6 29. Kf2 Kf7 30. cxb5 Bxb5 31. f4 Ke6 32. fxe5 fxe5 33. Bb6 Kd5 34. Ba7 Bd3 35. Be3 Bb4 36. Kf3 Bc2 37. Ke2 Bc3 38. Bf2 e4 39. Be3 h5 40. g3 Bb4 41. Bb6 Bd3+ 42. Ke3 g5 43. Nc4 Bc3 44. Ba7 Bc2 45. Kf2 Bxb3 46. Ne3+ Ke6 47. Bb6 Ba4 48. Ba7 Bb5 49. Bb6 Bf6 50. Ba7 Bd7 51. Bb6 Kd6 52. Ba7 Be6 53. Bb6 Kc6 54. Ba7 Kb5 55. Nf1 Kc4 56. Ne3+ Kd3 57. Bb6 Bg4 58. Ba7 Bd8 59. Bc5 Bf3 60. Ba7 g4 61. Bc5 h4 62. Ba7 hxg3+ 63. hxg3 Bc7 64. Bc5 Bb8 65. Bb6 Bd6 66. Ba7 Be5 67. Bb6 Bc3 68. Ba7 Ba5 69. Bc5 Bd8 70. Ba7 Bg5 71. Bb6 Kc3 72. Ba7 Kb4 73. Bd4 Kb5 74. Ba7 Kc6 75. Bd4 Kd6 76. Ba7 Bf6 77. Bb6 Ke6 78. Ba7 Bd8 79. Bd4 Ba5 80. Ba7 Bc7 81. Bd4 Bd6 82. Ba7 Be5 83. Bb6 Bh8 84. Ba7 Ba1 85. Bb6 Bb2 86. Ba7 Bc1 87. Bb6 Kd6 88. Ba7 Kc6 89. Bd4 Kb5 90. Ba7 Kb4 91. Bb6 Kc3 92. Ba7 Kd3 93. Bb6 Bd2 94. Ba7 Bc3 95. Bb6 Bf6 96. Ba7 Bg5 97. Bb6 Bxe3+ 98. Bxe3 0-1

[Event "Zudov Memorial 11th"]
[Site "Nizhnij Tagil"]
[Date "2015.09.10"]
[Round "1"]
[White "Smorchkov, Danil"]
[Black "Frolyanov, Dmitry"]
[Result "0-1"]
[WhiteElo "2102"]
[BlackElo "2577"]
[PlyCount "48"]
[EventDate "2015.09.10"]
[EventType "swiss"]
[EventRounds "9"]
[EventCountry "RUS"]
[SourceTitle "EXT 2016"]
[Source "ChessBase"]
[SourceDate "2015.10.08"]
[SourceVersion "1"]
[SourceVersionDate "2015.10.08"]
[SourceQuality "1"]

1. e4 c5 2. Nf3 d6 3. d4 cxd4 4. Nxd4 Nf6 5. Nc3 a6 6. Bg5 Nbd7 7. f4 Qc7 8. Be2 e5 9. Nf5 h6 10. fxe5 dxe5 11. Bh4 g6 12. Ne3 Bb4 13. 0-0 Bxc3 14. bxc3 Qb6 15. Bf2 Nxe4 16. Nd5 Qc6 17. Bf3 Nxf2 18. Rxf2 Qc5 19. Qd2 Kf8 20. Kh1 Kg7 21. Raf1 Rf8 22. Rb1 f5 23. Ne3 e4 24. Be2 f4 0-1

[Event "Satka-ch"]
[Site "Satka"]
[Date "2014.12.21"]
[Round "7"]
[White "Mikhailov, Vladimir1111"]
[Black "Smorchkov, Danil"]
[Result "1-0"]
[WhiteElo "1922"]
[BlackElo "1821"]
[PlyCount "91"]
[EventDate "2014.12.17"]
[EventType "swiss"]
[EventRounds "9"]
[EventCountry "RUS"]
[SourceTitle "EXT 2023"]
[Source "ChessBase"]
[SourceDate "2022.10.05"]
[SourceVersion "1"]
[SourceVersionDate "2022.10.05"]
[SourceQuality "1"]

1. e4 c5 2. Nf3 d6 3. d4 cxd4 4. Qxd4 Nc6 5. Bb5 Qa5+ 6. Nc3 Qxb5 7. Nxb5 Nxd4 8. Nbxd4 Nf6 9. Nd2 Bd7 10. 0-0 Rc8 11. c4 g6 12. b3 Bg7 13. Bb2 0-0 14. Rfe1 a6 15. a4 Ng4 16. Nf1 e5 17. Ne2 f5 18. f3 Nf6 19. Nc3 fxe4 20. fxe4 Ng4 21. Re2 Rf7 22. h3 Nf6 23. Rd1 Rcf8 24. Ba3 Ne8 25. Ne3 Rf6 26. c5 R8f7 27. Ned5 Re6 28. Nb6 Bf8 29. Red2 Ng7 30. cxd6 Nh5 31. Ncd5 Bh6 32. Rc2 Bc6 33. Bc1 Bf8 34. Ba3 Bh6 35. Bc5 Kg7 36. Rf2 Nf4 37. Nxf4 Bxf4 38. g3 Bxg3 39. Rxf7+ Kxf7 40. d7 Bh4 41. d8Q Bxd8 42. Rxd8 Bxe4 43. Rd7+ Kf6 44. Rxh7 Kg5 45. Be3+ Kf6 46. Nd7+ 1-0

[Event "Satka-ch"]
[Site "Satka"]
[Date "2014.12.20"]
[Round "5"]
[White "Kaliev, Konstantin Arkadiev"]
[Black "Smorchkov, Danil"]
[Result "1-0"]
[WhiteElo "1952"]
[BlackElo "1821"]
[PlyCount "87"]
[EventDate "2014.12.17"]
[EventType "swiss"]
[EventRounds "9"]
[EventCountry "RUS"]
[SourceTitle "EXT 2023"]
[Source "ChessBase"]
[SourceDate "2022.10.05"]
[SourceVersion "1"]
[SourceVersionDate "2022.10.05"]
[SourceQuality "1"]

1. Nf3 Nf6 2. g3 d5 3. Bg2 c6 4. 0-0 Nbd7 5. d4 e6 6. Nbd2 Be7 7. b3 0-0 8. Bb2 a5 9. c4 b5 10. Ne5 Nxe5 11. dxe5 Nd7 12. cxb5 cxb5 13. e4 Nb6 14. exd5 Nxd5 15. Ne4 Bb7 16. Qg4 Kh8 17. Rfd1 Rc8 18. Qe2 b4 19. Rac1 Rxc1 20. Rxc1 Qb6 21. Qc4 Ba6 22. Qd4 Qxd4 23. Bxd4 Rc8 24. Rxc8+ Bxc8 25. Nd6 Bxd6 26. exd6 Nc3 27. Bb6 Bd7 28. Bxa5 Nxa2 29. Be4 Nc1 30. Bc2 Ne2+ 31. Kg2 Nd4 32. Bd1 Nc6 33. Bb6 Kg8 34. Kf3 Kf8 35. Ke4 Ke8 36. Be2 f5+ 37. Kd3 Bc8 38. Kc4 Kd7 39. Kc5 e5 40. Bb5 Bb7 41. Ba5 g5 42. Bxb4 e4 43. Bd2 h6 44. Be3 1-0

[Event "Satka-ch"]
[Site "Satka"]
[Date "2014.12.18"]
[Round "2"]
[White "Smorchkov, Danil"]
[Black "Khazov, Anton"]
[Result "1-0"]
[WhiteElo "1821"]
[BlackElo "1988"]
[PlyCount "99"]
[EventDate "2014.12.17"]
[EventType "swiss"]
[EventRounds "9"]
[EventCountry "RUS"]
[SourceTitle "EXT 2023"]
[Source "ChessBase"]
[SourceDate "2022.10.05"]
[SourceVersion "1"]
[SourceVersionDate "2022.10.05"]
[SourceQuality "1"]

1. d4 f5 2. c4 Nf6 3. Nf3 e6 4. g3 d5 5. Bg2 Be7 6. 0-0 c6 7. b3 0-0 8. Ba3 Nbd7 9. Qc1 Ne4 10. Nbd2 Rf6 11. Re1 Qf8 12. Bxe7 Qxe7 13. Qc2 Rh6 14. Rad1 g5 15. Nf1 a5 16. N3d2 Nd6 17. f3 Qg7 18. Nb1 g4 19. Nc3 Nf6 20. c5 Nf7 21. Na4 Bd7 22. Nb6 Re8 23. f4 Rh3 24. Bxh3 gxh3 25. Qc3 Nh6 26. e3 Kh8 27. Qxa5 Rg8 28. Nxd7 Qxd7 29. Qd2 Nhg4 30. Qb2 h5 31. Re2 Qg7 32. Kh1 h4 33. Nd2 hxg3 34. Nf3 Ne4 35. Ng5 Nef2+ 36. Rxf2 Nxf2+ 37. Kg1 Nxd1 38. Qe2 Qf6 39. Qxd1 Rxg5 40. fxg5 Qxg5 41. Qf3 Qg4 42. Qxg4 fxg4 43. hxg3 Kg7 44. b4 Kf7 45. a4 Ke7 46. b5 cxb5 47. axb5 e5 48. dxe5 Ke6 49. c6 bxc6 50. b6 1-0

[Event "RUS-chT U20"]
[Site "Kolomna"]
[Date "2014.08.08"]
[Round "7"]
[White "Smorchkov, Danil"]
[Black "Filipchik, Alexey"]
[Result "1-0"]
[WhiteElo "1911"]
[BlackElo "1959"]
[PlyCount "62"]
[EventDate "2014.08.02"]
[EventType "swiss"]
[EventRounds "9"]
[EventCountry "RUS"]
[SourceTitle "EXT 2016"]
[Source "ChessBase"]
[SourceDate "2015.10.08"]
[SourceVersion "1"]
[SourceVersionDate "2015.10.08"]
[SourceQuality "1"]

1. d4 Nf6 2. c4 e6 3. Nc3 Bb4 4. e3 Bxc3+ 5. bxc3 0-0 6. Bd3 d6 7. Ne2 b6 8. 0-0 Nc6 9. Qc2 Ba6 10. e4 h6 11. f4 Na5 12. e5 Nd7 13. Ng3 Bxc4 14. Bxc4 Nxc4 15. Qe2 d5 16. f5 Kh7 17. Qh5 Qe8 18. f6 Rh8 19. fxg7 Kxg7 20. Qg4+ Kh7 21. Qh5 Kg7 22. Qg4+ Kh7 23. Qf4 Kg8 24. Nh5 Rh7 25. Nf6+ Nxf6 26. Qxf6 Qd8 27. Bxh6 Qxf6 28. Rxf6 c5 29. g4 cxd4 30. cxd4 Rc8 31. Rc1 Nd6 1-0

[Event "Urals-ch 72nd"]
[Site "Tiumen"]
[Date "2014.03.23"]
[Round "4"]
[White "Sannikov, Nikita"]
[Black "Smorchkov, Danil"]
[Result "0-1"]
[WhiteElo "1795"]
[BlackElo "1892"]
[PlyCount "72"]
[EventDate "2014.03.20"]
[EventType "swiss"]
[EventRounds "9"]
[EventCountry "RUS"]
[SourceTitle "CBM 159 Extra"]
[Source "ChessBase"]
[SourceDate "2014.04.24"]
[SourceVersion "1"]
[SourceVersionDate "2014.04.24"]
[SourceQuality "1"]

1. e4 c5 2. Nf3 d6 3. d4 cxd4 4. Nxd4 Nf6 5. Nc3 a6 6. Bd3 Nc6 7. Nb3 e5 8. 0-0 Be7 9. Be3 0-0 10. f3 b5 11. Ne2 Be6 12. c3 d5 13. exd5 Nxd5 14. Bf2 Rc8 15. Nc5 Bxc5 16. Bxc5 Re8 17. Bf2 Qf6 18. a4 Rcd8 19. Qc2 bxa4 20. Rxa4 h6 21. Bxa6 Bf5 22. Qc1 Qg6 23. Ng3 Nf4 24. Bb5 Re6 25. Qe3 Bd3 26. Bxd3 Rxd3 27. Qe4 f5 28. Qe1 h5 29. h4 Red6 30. Qb1 Rd2 31. Ra8+ Nd8 32. Qe1 Re2 33. Qa1 Rxf2 34. Qa2+ Kh7 35. Kxf2 Rd2+ 36. Ke3 Qd6 0-1

[Event "Satka-ch Rating"]
[Site "Satka"]
[Date "2013.12.18"]
[Round "8"]
[White "Mukhina, Jana"]
[Black "Smorchkov, Danil"]
[Result "1/2-1/2"]
[WhiteElo "1862"]
[BlackElo "1841"]
[PlyCount "63"]
[EventDate "2013.12.09"]
[EventType "swiss"]
[EventRounds "9"]
[EventCountry "RUS"]
[SourceTitle "EXT 2016"]
[Source "ChessBase"]
[SourceDate "2015.10.08"]
[SourceVersion "1"]
[SourceVersionDate "2015.10.08"]
[SourceQuality "1"]

1. c4 e6 2. e4 d5 3. exd5 exd5 4. d4 Nf6 5. Nc3 Bb4 6. Bg5 Qe7+ 7. Be2 dxc4 8. Bxf6 Qxf6 9. Bxc4 0-0 10. Nge2 Nc6 11. 0-0 Bg4 12. f3 Bf5 13. Qb3 a5 14. Nd5 Qd6 15. a3 a4 16. Qe3 Ba5 17. Rad1 Rae8 18. Qf2 Bc2 19. Rc1 Bb3 20. Bxb3 axb3 21. Nef4 Nxd4 22. Rfd1 Nc6 23. Qg3 Qe5 24. Nh5 Qxg3 25. Nxg3 Re5 26. Rd3 Rfe8 27. Rcd1 Ne7 28. Nxe7+ R5xe7 29. Rxb3 Bb6+ 30. Kf1 g6 31. Rbd3 Kg7 32. Ne4 1/2-1/2

[Event "Satka-ch"]
[Site "Satka"]
[Date "2012.12.30"]
[Round "9"]
[White "Muksimova, Oksana"]
[Black "Smorchkov, Danil"]
[Result "1/2-1/2"]
[WhiteElo "1785"]
[BlackElo "1792"]
[PlyCount "88"]
[EventDate "2012.12.22"]
[EventType "swiss"]
[EventRounds "9"]
[EventCountry "RUS"]
[SourceTitle "CBM 152 Extra"]
[Source "ChessBase"]
[SourceDate "2013.02.25"]
[SourceVersion "1"]
[SourceVersionDate "2013.02.25"]
[SourceQuality "1"]

1. d4 d5 2. Nf3 Nf6 3. c4 c6 4. e3 e6 5. Nc3 Be7 6. Qc2 Nbd7 7. g4 dxc4 8. Bxc4 Nb6 9. Be2 Bd7 10. Rg1 Rc8 11. Ne5 Nfd5 12. Bd2 f6 13. Nxd7 Nxd7 14. Qb3 Qb6 15. Bc4 Qc7 16. Rg2 b5 17. Be2 a5 18. e4 a4 19. Qd1 Nf4 20. Bxf4 Qxf4 21. Qd2 Qxd2+ 22. Kxd2 Bb4 23. a3 Bd6 24. Rd1 Bf4+ 25. Ke1 Nb6 26. Bd3 Kf7 27. Ne2 Bb8 28. g5 Rhd8 29. gxf6 gxf6 30. f4 Ba7 31. Kf2 e5 32. Rdg1 Rg8 33. Rxg8 Rxg8 34. Rxg8 Kxg8 35. Kf3 Nd7 36. d5 cxd5 37. exd5 exf4 38. Bxb5 Nb6 39. Nxf4 Bb8 40. Ke4 Be5 41. Nd3 Bxh2 42. Kd4 Bd6 43. Ke4 Kf7 44. Kf5 Bc7 1/2-1/2